Statistics for Born to Die Tour Setlist | Lana Del Rey

Click here to take the quiz!

General Stats

  • This quiz has been taken 7 times
  • The average score is 19 of 24

Answer Stats

HintAnswer% Correct
2012Blue Jeans
100%
2011Blue Jeans
100%
2012Born to Die
100%
2011Born to Die
100%
2011 (Performed once as an encore)Diet Mountain Dew
100%
2012Lolita
100%
2011Million Dollar Man
100%
2012Million Dollar Man
100%
2011Summertime Sadness
100%
2012Summertime Sadness
100%
2012Video Games
100%
2011Video Games
100%
2012Carmen
86%
2012National Anthem
86%
2011Off to the Races
86%
2011Radio
86%
2012Radio
86%
2011Without You
86%
2012Without You
86%
2012Body Electric
43%
2011You Can Be the Boss
29%
2012Heart-Shaped Box
14%
2011 (Chorus only in Birmingham)Kinda Outta Luck
14%
2011Prelude (Intro)
14%

Score Distribution

Percentile by Number Answered

Percent of People with Each Score

Your Score History

You have not taken this quiz